60 vybraných etud pre klavír /
| Main Author: | Cramer, Johann Baptist, 1771-1858 |
|---|---|
| Other Authors: | Bülow, Hans von, 1830-1894, Mikelka, Emil, 1894-1949 |
| Language: | No linguistic content |
| Published: |
Bratislava : Opus, 1974 |
| Physical Description: |
156 s. |
| LEADER | 00738ncm a22002172a 4500 | ||
|---|---|---|---|
| 001 | 000205063 | ||
| 003 | CZ BrMZK | ||
| 005 | 20120605073249.0 | ||
| 007 | qu | ||
| 008 | 960101s1974 xo f zxx d | ||
| 040 | |a BOA001 |b cze | ||
| 072 | 7 | |a 786 |x Hudba pro klávesové nástroje |2 Konspekt |9 9 | |
| 100 | 1 | |a Cramer, Johann Baptist, |d 1771-1858 |7 ola2002159030 |4 cmp | |
| 245 | 1 | 0 | |a 60 vybraných etud |h [hudebnina] : |b pre klavír / |c Johann Baptist Cramer ; (Hans von Bülow) ; rev. Emil Mikelka |
| 260 | |a Bratislava : |b Opus, |c 1974 | ||
| 300 | |a 156 s. | ||
| 700 | 1 | |a Bülow, Hans von, |d 1830-1894 |7 ola2002157992 |4 cmp | |
| 700 | 1 | |a Mikelka, Emil, |d 1894-1949 |7 kup20000000065229 |4 edt | |
| 910 | |a BOA001 |b Mus4-0638.581-74 | ||
| 990 | |a MU | ||
| 991 | |b 201206 | ||
English
Čeština 